|
|
|
|
| LEADER |
00000cam a22000004a 4500 |
| 001 |
musev2_45443 |
| 003 |
MdBmJHUP |
| 005 |
20230905044742.0 |
| 006 |
m o d |
| 007 |
cr||||||||nn|n |
| 008 |
160312s2016 xx o 00 0 eng d |
| 020 |
|
|
|a 9781943859115
|
| 020 |
|
|
|z 9780874179958
|
| 035 |
|
|
|a (OCoLC)941696204
|
| 040 |
|
|
|a MdBmJHUP
|c MdBmJHUP
|
| 100 |
1 |
|
|a Stauder, Jack.
|
| 245 |
1 |
4 |
|a The Blue and the Green :
|b A Cultural Ecological History of an Arizona Ranching Community
|
| 264 |
|
1 |
|b University of Nevada Press,
|c 2016.
|
| 264 |
|
3 |
|a Baltimore, Md. :
|b Project MUSE,
|c 2016
|
| 264 |
|
4 |
|c ©2016.
|
| 300 |
|
|
|a 1 online resource (358 pages).
|
| 336 |
|
|
|a text
|b txt
|2 rdacontent
|
| 337 |
|
|
|a computer
|b c
|2 rdamedia
|
| 338 |
|
|
|a online resource
|b cr
|2 rdacarrier
|
| 588 |
|
|
|a Description based on print version record.
|
| 650 |
|
7 |
|a Ranching.
|2 fast
|0 (OCoLC)fst01089779
|
| 650 |
|
7 |
|a Land use, Rural.
|2 fast
|0 (OCoLC)fst00991587
|
| 650 |
|
7 |
|a Environmental policy.
|2 fast
|0 (OCoLC)fst00913250
|
| 650 |
|
7 |
|a TECHNOLOGY & ENGINEERING
|x Agriculture
|x Animal Husbandry.
|2 bisacsh
|
| 650 |
|
6 |
|a Environnement
|x Politique gouvernementale
|z Arizona
|x Histoire.
|
| 650 |
|
6 |
|a Utilisation agricole du sol
|z Arizona
|x Histoire.
|
| 650 |
|
6 |
|a Ranching
|z Arizona
|x Histoire.
|
| 650 |
|
0 |
|a Environmental policy
|z Arizona
|x History.
|
| 650 |
|
0 |
|a Land use, Rural
|z Arizona
|x History.
|
| 650 |
|
0 |
|a Ranching
|z Arizona
|x History.
|
| 651 |
|
7 |
|a Arizona.
|2 fast
|0 (OCoLC)fst01204820
|
| 655 |
|
7 |
|a History.
|2 fast
|0 (OCoLC)fst01411628
|
| 655 |
|
7 |
|a Electronic books.
|2 local
|
| 710 |
2 |
|
|a Project Muse.
|e distributor
|
| 830 |
|
0 |
|a Book collections on Project MUSE.
|
| 856 |
4 |
0 |
|z Texto completo
|u https://projectmuse.uam.elogim.com/book/45443/
|
| 945 |
|
|
|a Project MUSE - Custom Collection
|
| 945 |
|
|
|a Project MUSE - 2016 Complete
|
| 945 |
|
|
|a Project MUSE - 2016 US Regional Studies, West
|